{"text_format":"2","workbook":"xlsx","n_sheets":6,"sheets":["RESUMO","ORÇAMENTO","CURVA ABC","CPU","BDI_Serviços","BDI_Fornecimento"],"not_rendered":{"charts":1,"images":1,"macros":1,"external_links":0,"defined_names":3,"comments":0,"pivot_tables":0},"unopened":[],"bounds":{"document_bytes":16777216,"sheet_cells":100000,"run_cost":"one","rows_first":2000,"rows_last":500,"rows_between":2000,"halvings":0,"cell_chars":16384,"cell_head_chars":4096},"cells_cut":0,"cells_raw":0,"read":"whole","date_system":"1900"}

{"sheet":"RESUMO","index":0,"n_rows":22,"n_cols":5,"rows_kept":22,"cut":false,"hidden":false,"merged":[]}
["MINITÉRIO DA INTEGRAÇÃO E DO DESENVOLVIMENTO REGIONAL"]
["COMPANHIA DE DESENVOLVIMENTO DOS VALES DO SÃO FRANCISCO E DO PARNAÍBA"]
["1° SUPERINTENDÊNCIA REGIONAL"]
["RESTAURAÇÃO DO SISTEMA DE ALIMENTAÇÃO DE ÁGUA E DOS TANQUES DA PISCICULTURA"]
["Local:","TRÊS MARIAS-MG","BDI Serviços:",{"$f":"BDI_Serviços!B32","v":0.26650000000000001}]
["Data:","2024-10-11","BDI Materiais:",{"$f":"BDI_Fornecimento!B32","v":0.153}]
["Bases:","SINAPI 08-2024 | SICRO 04-2024 | Setop 07-2024","Revisão:",1]
[]
["ITEM","DESCRIÇÃO",null,"TOTAL (R$)"]
[]
[1,"ITENS DE RATEIO",null,{"$f":"ORÇAMENTO!I13","v":71650.929999999993}]
[]
[2,"ARQUITETÔNICO",null,{"$f":"ORÇAMENTO!I22","v":625183.80000000005}]
[]
[]
["TOTAL ",null,null,{"$f":"SUM(D11:D14)","v":696834.73}]
[]
[]
[]
[]
[]
[{"$nulls":4},{"$f":"52941.71+D16","v":749776.44}]

{"sheet":"ORÇAMENTO","index":1,"n_rows":62,"n_cols":11,"rows_kept":62,"cut":false,"hidden":false,"merged":[]}
["MINITÉRIO DA INTEGRAÇÃO E DO DESENVOLVIMENTO REGIONAL",{"$nulls":8},"BDI serviç.",{"$f":"1.2665","v":1.2665}]
["COMPANHIA DE DESENVOLVIMENTO DOS VALES DO SÃO FRANCISCO E DO PARNAÍBA",{"$nulls":8},"BDI mat.",1.153]
["1° SUPERINTENDÊNCIA REGIONAL"]
["RESTAURAÇÃO DO SISTEMA DE ALIMENTAÇÃO DE ÁGUA E DOS TANQUES DA PISCICULTURA"]
["Local:","TRÊS MARIAS- MG",{"$nulls":5},"BDI Serviços:",{"$f":"BDI_Serviços!B32","v":0.26650000000000001}]
["Data:","2024-10-11",{"$nulls":5},"BDI Materiais:",{"$f":"BDI_Fornecimento!B32","v":0.153}]
["Bases:","SINAPI 08-2024 | SICRO 04-2024 | SETOP 07-2024",{"$nulls":5},"Revisão:",0]
[]
["ITEM","BASE","CÓDIGO","DESCRIÇÃO","UNID.","QUANT.","UNIT. (SEM BDI)","UNIT. (COM BDI)","TOTAL (R$)"]
[]
["TOTAL PROJETO ARQUITETÔNICO",{"$nulls":7},{"$f":"I13+I22","v":696834.73}]
[]
[1,null,null,"ITENS DE RATEIO",{"$nulls":4},{"$f":"I15","v":71650.929999999993}]
[]
["1.1",null,null,"INSTALAÇÕES PRELIMINARES",{"$nulls":4},{"$f":"SUM(I16:I20)","v":71650.929999999993}]
["1.2","CPU",{"$f":"CPU!H8","v":"CPU001"},"MOBILIZAÇÃO","gb",{"$f":"1","v":1},{"$f":"(J16)","v":1055.58},{"$f":"(J16*K$1)","v":1336.8920699999999},{"$f":"ROUND(F16*H16,2)","v":1336.89},1055.58]
["1.3","CPU",{"$f":"CPU!H21","v":"CPU002"},"DESMOBILIZAÇÃO","gb",{"$f":"1","v":1},{"$f":"(J17)","v":1055.58},{"$f":"(J17*K$1)","v":1336.8920699999999},{"$f":"ROUND(F17*H17,2)","v":1336.89},1055.58]
["1.4","CPU",{"$f":"CPU!H34","v":"CPU003"},"ADMINISTRAÇÃO LOCAL","gb",{"$f":"1","v":1},37899.892,48000.213217999997,{"$f":"ROUND(F18*H18,2)","v":48000.21},{"$f":"CPU!H54","v":37899.892}]
["1.5","CPU",{"$f":"CPU!H148","v":"CPU010"},"VEÍCULO LEVE PICAPE 4x4 PARA VISITAS- OPERAÇÃO E MANUTENÇÃO","mês",2,6906.7699999999995,8747.4242049999993,{"$f":"ROUND(F19*H19,2)","v":17494.849999999999},{"$f":"CPU!H159","v":6906.7699999999995}]
["1.6","SINAPI",103689,"FORNECIMENTO E INSTALAÇÃO DE PLACA DE OBRA COM CHAPA GALVANIZADA E ESTRUTURA DE MADEIRA.","m²",{"$f":"6","v":6},{"$f":"(J20)","v":458.23},580.34829500000001,3482.09,458.23]
[]
[2,null,null,"ARQUITETÔNICO",{"$nulls":4},{"$f":"I24+I28+I39+I45+I50+I52+I55","v":625183.80000000005}]
[]
["2.1",null,null,"SERVIÇOS PRELIMINARES",{"$nulls":4},{"$f":"SUM(I25:I27)","v":8171.74}]
["2.2","SINAPI",99814,"LIMPEZA DE SUPERFÍCIE COM JATO DE ALTA PRESSÃO","m²",{"$f":"1010.14","v":1010.14},{"$f":"J25","v":1.84},{"$f":"(J25*K$1)","v":2.3303600000000002},{"$f":"ROUND(F25*H25,2)","v":2353.9899999999998},1.84]
["2.3","CPU",{"$f":"CPU!H56","v":"CPU004"},"LIMPEZA MANUAL DE ALVENARIA","m²",267.92,{"$f":"J26","v":1.48993},{"$f":"(J26*K$1)","v":1.886996345},{"$f":"ROUND(F26*H26,2)","v":505.56},{"$f":"CPU!H66","v":1.48993}]
["2.4","CPU",{"$f":"CPU!H177","v":"CPU012"},"ESCARIFICAÇÃO COM REMOÇÃO MANUAL DE ARGAMASSA DETERIORADA. SEM REAPROVEITAMENTO, EXCLUSIVE RECOMPOSIÇÃO","m²",328.36,12.77375,16.177954374999999,5312.19,{"$f":"CPU!H188","v":12.77375}]
["2.5",null,null,"MOVIMENTO DE TERRA",{"$nulls":4},{"$f":"SUM(I29:I38)","v":181528.15999999997}]
["2.6","SINAPI",101230,"ESCAVAÇÃO VERTICAL PARA INFRAESTRUTURA, COM CARGA, DESCARGA E TRANSPORTE DE SOLO DE 1ª CATEGORIA, COM ESCAVADEIRA HIDRÁULICA (CAÇAMBA: 0,8 M³ / 111 HP), FROTA DE 3 CAMINHÕES BASCULANTES DE 14 M³, DMT ATÉ 1 KM E VELOCIDADE MÉDIA14 KM/H. ","m³",935.23,{"$f":"(J29)","v":11.32},{"$f":"(J29*K$1)","v":14.336779999999999},{"$f":"ROUND(F29*H29,2)","v":13408.19},11.32]
["2.7","CPU",{"$f":"CPU!H129","v":"CPU009"},{"$f":"CPU!A131","v":"ESCAVAÇÃO A CÉU ABERTO, EM OBRAS DE INFRAESTRUTURA, INCLUINDO CARGA, DESCARGA E TRANSPORTE, EM SOLO MOLE COM ESCAVADEIRA HIDRÁULICA (CAÇAMBA: 0,8 M³ / 111 HP)"},"m³",623.49,{"$f":"(J30)","v":21.689219000000001},{"$f":"(J30*K$1)","v":27.469395863500001},{"$f":"ROUND(F30*H30,2)","v":17126.89},{"$f":"CPU!H146","v":21.689219000000001}]
["2.8","SINAPI",96385,"EXECUÇÃO E COMPACTAÇÃO DE ATERRO COM SOLO PREDOMINANTEMENTE ARGILOSO - EXCLUSIVE SOLO, ESCAVAÇÃO, CARGA E TRANSPORTE","m³",3913.5,11.45,14.501424999999999,56751.33,11.45]
["2.9","SICRO",4815671,"REATERRO E COMPACTAÇÃO COM SOQUETE VIBRATÓRIO","m³",231.86,16.079999999999998,20.365319999999997,{"$f":"ROUND(F32*H32,2)","v":4721.8999999999996},16.079999999999998]
["2.10","SINAPI",100574,"ESPALHAMENTO DE MATERIAL COM TRATOR DE ESTEIRAS. ","m³",1001.38,1.55,1.9630749999999999,1965.78,1.55]
["2.11","SINAPI",95425,"TRANSPORTE COM CAMINHÃO BASCULANTE DE 18 M³, EM VIA URBANA EM LEITO NATURAL ","m³km",15587.2,2.38,3.0142699999999998,46984.03,2.38]
["2.12","SINAPI",100940,"TRANSPORTE COM CAMINHÃO BASCULANTE DE 18 M³, EM VIA INTERNA (DENTRO DO CANTEIRO - UNIDADE: M3XKM)","m³km",1780.74,5.71,7.2317149999999994,12877.8,5.71]
["2.13","CPU",{"$f":"CPU!H87","v":"CPU006"},{"$f":"CPU!A89","v":"FORNECIMENTO DE SOLO ARGILOSO PARA ATERRO A SER ESCAVADO EM JAZIDA EXCLUSIVE ESCAVAÇÃO, CARGA E TRANSPORTE"},"m³",779.36,26.265129999999999,33.264787145,25925.24,{"$f":"CPU!H97","v":26.265129999999999}]
["2.14","CPU",{"$f":"CPU!H190","v":"CPU013"},{"$f":"CPU!A192","v":"RAMPA PROVISÓRIA PARA ACESSO DE EQIPAMENTOS AO FUNDO DOS TANQUES, EXECUTADA EM TALUDES, INCLUINDO DESCARGA E COMPACTAÇÃO, EXCLUSIVE ESCAVAÇÃO E TRANSPORTE DO SOLO"},"m³",30.57,30.426000000000002,38.534528999999999,{"$f":"ROUND(F37*H37,2)","v":1178},{"$f":"CPU!H200","v":30.426000000000002}]
["2.15","CPU",{"$f":"CPU!H202","v":"CPU014"},{"$f":"CPU!A204","v":"RETIRADA DE RAMPA PROVISÓRIA PARA ACESSO DE EQUIPAMENTOS AO FUNDO DOS TANQUES"},"m³",30.57,15.213000000000001,19.2672645,{"$f":"ROUND(F38*H38,2)","v":589},{"$f":"CPU!H212","v":15.213000000000001}]
["2.16",null,null,"ESTRUTURAS DE CONCRETO ",{"$nulls":4},{"$f":"SUM(I40:I44)","v":47333.409999999996}]
["2.17","SICRO",3106121,{"$f":"UPPER(\"Fôrmas de tábuas de pinho - utilização de 3 vezes - confecção, instalação e retirada\")","v":"FÔRMAS DE TÁBUAS DE PINHO - UTILIZAÇÃO DE 3 VEZES - CONFECÇÃO, INSTALAÇÃO E RETIRADA"},"m²",300.64999999999998,{"$f":"(J40)","v":88.22},{"$f":"(J40*K$1)","v":111.73062999999999},{"$f":"ROUND(F40*H40,2)","v":33591.81},88.22]
["2.18","SINAPI",94966,"CONCRETO FCK = 30MPA, TRAÇO 1:2,1:2,5 (EM MASSA SECA DE CIMENTO/ AREIA MÉDIA/ BRITA 1) - PREPARO MECÂNICO COM BETONEIRA 400 L. ","m³",11.03,{"$f":"(J41)","v":552.44000000000005},{"$f":"(J41*K$1)","v":699.6652600000001},{"$f":"ROUND(F41*H41,2)","v":7717.31},552.44000000000005]
["2.19","SINAPI",103673,"LANÇAMENTO COM USO DE BOMBA, ADENSAMENTO E ACABAMENTO DE CONCRETO EM ESTRUTURAS. ","m³",11.03,40.15,50.849974999999993,{"$f":"ROUND(F42*H42,2)","v":560.88},40.15]
["2.20","CPU",{"$f":"CPU!H161","v":"CPU011"},{"$f":"CPU!A163","v":"TRANSPORTE DE CONCRETO ATÉ O LOCAL DE APLICAÇÃO COM CARRINHO DE MÃO, EXCLUSIVE APLICAÇÃO"},"m³Xm",2476.8200000000002,1.4733696000000001,1.8660225984000001,{"$f":"ROUND(F43*H43,2)","v":4621.8},{"$f":"CPU!H175","v":1.4733696000000001}]
["2.21","SETOP","ED-51134 ","TRANSPORTE DE MATERIAL DE QUALQUER NATUREZA COM CARRINHO DE MÃO, COM DISTÂNCIAS MAIORES QUE 50M E MENORES OU IGUAIS A 100M, INCLUSIVE CARGA/DESGARGA","m³",16.420000000000002,40.47,51.255254999999998,{"$f":"ROUND(F44*H44,2)","v":841.61},40.47]
["2.22",null,null,"REVESTIMENTOS",{"$nulls":4},{"$f":"SUM(I46:I49)","v":336803.81}]
["2.23","SINAPI",87879,"CHAPISCO APLICADO EM ALVENARIAS E ESTRUTURAS DE CONCRETO INTERNAS, COM COLHER DE PEDREIRO. ARGAMASSA TRAÇO 1:3 COM PREPARO EM BETONEIRA 400L. ","m²",328.36,{"$f":"(J46)","v":4.5199999999999996},{"$f":"(J46*K$1)","v":5.7245799999999996},{"$f":"ROUND(F46*H46,2)","v":1879.72},4.5199999999999996]
["2.24","SETOP","ED-50759 ","REBOCO COM ARGAMASSA, TRAÇO 1:7 (CIMENTO E AREIA), ESP. 20MM, APLICAÇÃO MANUAL, INCLUSIVE ARGAMASSA COM PREPARO MECANIZADO, EXCLUSIVE CHAPISCO","m²",328.36,{"$f":"(J47)","v":31.78},{"$f":"(J47*K$1)","v":40.249369999999999},{"$f":"ROUND(F47*H47,2)","v":13216.28},31.78]
["2.25","SINAPI",98553,"IMPERMEABILIZAÇÃO DE SUPERFÍCIE COM MEMBRANA À BASE DE POLIURETANO, 2 DEMÃOS. ","m²",1099.26,162.54,205.85690999999997,{"$f":"ROUND(F48*H48,2)","v":226290.27},162.54]
["2.26","CPU",{"$f":"CPU!H68","v":"CPU005"},{"$f":"CPU!A70","v":"REVESTIMENTO PRIMER EPÓXI"},"m²",1099.26,68.536608000000001,86.801614032000003,{"$f":"ROUND(F49*H49,2)","v":95417.54},{"$f":"CPU!H85","v":68.536608000000001}]
["2.27",null,null,"URBANIZAÇÃO",{"$nulls":4},{"$f":"SUM(I51:I51)","v":3480.93}]
["2.28","SINAPI",98504,"PLANTIO DE GRAMA BATATAIS EM PLACAS. ","m²",193.69,{"$f":"(J51)","v":14.19},{"$f":"(J51*K$1)","v":17.971634999999999},{"$f":"ROUND(F51*H51,2)","v":3480.93},14.19]
["2.29",null,null,"ASSENTAMENTOS",{"$nulls":4},{"$f":"SUM(I53:I54)","v":4697.3099999999995}]
["2.30","CPU",{"$f":"CPU!H99","v":"CPU007"},{"$f":"CPU!A101","v":"ASSENTAMENTO DE TUBOS E CONEXÕES PARA BY-PASS, CONFORME PROJETO"},"cj",1,{"$f":"(J53)","v":3485.22912},{"$f":"(J53*K$1)","v":4414.0426804799999},{"$f":"ROUND(F53*H53,2)","v":4414.04},{"$f":"CPU!H110","v":3485.22912}]
["2.31","CPU",{"$f":"CPU!H112","v":"CPU008"},{"$f":"CPU!A114","v":"ASSENTAMENTO DE COMPORTA STOP LOG"},"un",1,{"$f":"(J54)","v":223.6662},{"$f":"(J54*K$1)","v":283.27324229999999},{"$f":"ROUND(F54*H54,2)","v":283.27},{"$f":"CPU!H127","v":223.6662}]
["2.32",null,null,"MATERIAIS",{"$nulls":4},{"$f":"SUM(I56:I62)","v":43168.439999999995}]
["2.33","Cotação",null,"COMPORTA EM FIBRA DE VIDRO, TIPO STOP-LOG","un",1,{"$f":"(J56)","v":2936.2314129599999},{"$f":"(J56*K$2)","v":3385.4748191428798},{"$f":"ROUND(H56*F56,2)","v":3385.47},{"$f":"1.0506052*2794.8","v":2936.2314129599999}]
["2.34","Cotação",null,"TUBO EM POLIPROPILENO SOLDÁVEL, PN-10, DN 4\"","m",11,171.2486476,197.4496906828,{"$f":"ROUND(F57*H57,2)","v":2171.9499999999998},{"$f":"1.0506052*163","v":171.2486476}]
["2.35","Cotação",null,"VÁLVULA ESFERA EM POLIPROPILENO SOLDÁVEL DN 4\"","un",1,1680.9683199999999,1938.15647296,1938.16,{"$f":"1.0506052*1600","v":1680.9683199999999}]
["2.36","Cotação",null,"LUVA EM POLIPROPILENO SOLDÁVEL E COM ROSCA DN 4\"","un",67,116.61717719999999,134.4596053116,9008.7900000000009,{"$f":"1.0506052*111","v":116.61717719999999}]
["2.37","Cotação",null,"ADAPTADOR ESPIGÃO COM ROSCA EXTERNA E ABRAÇADEIRAS DN 4\"","un",67,26.160069479999997,30.162560110439998,2020.89,{"$f":"1.0506052*24.9","v":26.160069479999997}]
["2.38","Cotação",null,"MANGUEIRA FLAT CHATA AZUL 4\"","m",823,21.787739554030001,25.12126370579659,20674.8,{"$f":"1.0506052*20.738275","v":21.787739554030001}]
["2.39","Cotação",null,"TÊ 90° GOMADO EM POLIPROPILENO SOLDÁVEL DN 4\"","un",21,163.89441119999998,188.97025611359999,3968.38,{"$f":"1.0506052*156","v":163.89441119999998}]

{"sheet":"CURVA ABC","index":2,"n_rows":51,"n_cols":21,"rows_kept":51,"cut":false,"hidden":false,"merged":[]}
["MINITÉRIO DA INTEGRAÇÃO E DO DESENVOLVIMENTO REGIONAL"]
["COMPANHIA DE DESENVOLVIMENTO DOS VALES DO SÃO FRANCISCO E DO PARNAÍBA"]
["1° SUPERINTENDÊNCIA REGIONAL"]
["CURVA ABC"]
["Local:","TRÊS MARIAS- MG",null,null,null,{"$f":"BDI_Serviços!B32","v":0.26650000000000001}]
["Data:","2024-10-11",null,null,null,{"$f":"BDI_Fornecimento!B32","v":0.153}]
["Bases:","SINAPI 08-2024 | SICRO 04-2024 | Setop 07-2024",null,null,null,0]
[]
["ITEM","DESCRIÇÃO","VALOR TOTAL","PORCENTAGEM","PORCENTAGEM ACUMULADA","CURVA","SEPARAÇÃO",null,null,"CLASSIFICAÇÃO","PORCENTAGEM",null,null,null,"CLASSIFICAÇÃO","LIMITE","ITEM","QUANTIDADE","VALOR TOTAL","QUANTIDADE PERCENTUAL","IMPACTO"]
["2.27","IMPERMEABILIZAÇÃO DE SUPERFÍCIE COM MEMBRANA À BASE DE POLIURETANO, 2 DEMÃOS. ",226290.27,{"$f":"C10/$C$47","v":0.3247402292936804},{"$f":"D10","v":0.3247402292936804},{"$f":"IF(E10<=$K$10, \"A\", IF(E10<=$K$11, \"B\", \"C\"))","v":"A"},{"$f":"IF(F10<>F11, COUNTA($C$10:C10) - _xlfn.AGGREGATE(9, 6, $G9:G$9), NA())","v":{"$error":"#N/A"}},null,null,"A",0.75,null,null,null,"A",{"$f":"LARGE($C$10:$C$46,R10)","v":33591.81},{"$f":"INDEX($A$10:$A$46,MATCH(P10,$C$10:$C$46,0))","v":"2.19"},{"$f":"COUNTIF($F$10:$F$46,O10)","v":6},{"$f":"SUMIF($F$10:$F$46,O10,$C$10:$C$46)","v":484960.22000000003},{"$f":"R10/SUM($R$10:$R$12)","v":0.16216216216216217},{"$f":"S10/SUM($S$10:$S$12)","v":0.69594725854149098}]
["2.28",{"$f":"CPU!A70","v":"REVESTIMENTO PRIMER EPÓXI"},95417.54,0.13692994320188367,{"$f":"D11+E10","v":0.46167017249556408},{"$f":"IF(E11<=$K$10, \"A\", IF(E11<=$K$11, \"B\", \"C\"))","v":"A"},{"$f":"IF(F11<>F12, COUNTA($C$10:C11) - _xlfn.AGGREGATE(9, 6, $G$9:G10), NA())","v":{"$error":"#N/A"}},null,null,"B",0.95,null,null,null,"B",{"$f":"LARGE($C$10:$C$46,SUM(R10:R11))","v":4621.8},{"$f":"INDEX($A$10:$A$46,MATCH(P11,$C$10:$C$46,0))","v":"2.22"},{"$f":"COUNTIF($F$10:$F$46,O11)","v":12},{"$f":"SUMIF($F$10:$F$46,O11,$C$10:$C$46)","v":174181.00999999998},{"$f":"R11/SUM($R$10:$R$12)","v":0.32432432432432434},{"$f":"S11/SUM($S$10:$S$12)","v":0.24996028828815692}]
["2.9","EXECUÇÃO E COMPACTAÇÃO DE ATERRO COM SOLO PREDOMINANTEMENTE ARGILOSO - EXCLUSIVE SOLO, ESCAVAÇÃO, CARGA E TRANSPORTE",56751.33,8.1441592327064369E-2,{"$f":"D12+E11","v":0.54311176482262846},"A",{"$f":"IF(F12<>F13, COUNTA($C$10:C12) - _xlfn.AGGREGATE(9, 6, $G$9:G11), NA())","v":{"$error":"#N/A"}},null,null,"C",1,null,null,null,"C",{"$f":"LARGE($C$10:$C$46,SUM(R10:R12))","v":283.27},{"$f":"INDEX($A$10:$A$46,MATCH(P12,$C$10:$C$46,0))","v":"2.33"},{"$f":"COUNTIF($F$10:$F$46,O12)","v":19},{"$f":"SUMIF($F$10:$F$46,O12,$C$10:$C$46)","v":37693.499999999993},0.51351351351351349,5.4092453170352162E-2]
["2.12","TRANSPORTE COM CAMINHÃO BASCULANTE DE 18 M³, EM VIA URBANA EM LEITO NATURAL ",46984.03,6.7424925850064876E-2,0.61053669067269334,"A",{"$f":"IF(F13<>F14, COUNTA($C$10:C13) - _xlfn.AGGREGATE(9, 6, $G$9:G12), NA())","v":{"$error":"#N/A"}}]
["2.19",{"$f":"UPPER(\"Fôrmas de tábuas de pinho - utilização de 3 vezes - confecção, instalação e retirada\")","v":"FÔRMAS DE TÁBUAS DE PINHO - UTILIZAÇÃO DE 3 VEZES - CONFECÇÃO, INSTALAÇÃO E RETIRADA"},33591.81,4.8206279844863621E-2,0.65874297051755693,"A",{"$f":"IF(F14<>F15, COUNTA($C$10:C14) - _xlfn.AGGREGATE(9, 6, $G$9:G13), NA())","v":{"$error":"#N/A"}}]
["2.14",{"$f":"CPU!A89","v":"FORNECIMENTO DE SOLO ARGILOSO PARA ATERRO A SER ESCAVADO EM JAZIDA EXCLUSIVE ESCAVAÇÃO, CARGA E TRANSPORTE"},25925.24,3.7204288023933579E-2,0.69594725854149053,"A",{"$f":"IF(F15<>F16, COUNTA($C$10:C15) - _xlfn.AGGREGATE(9, 6, $G$9:G14), NA())","v":6}]
["1.4","ADMINISTRAÇÃO LOCAL",{"$f":"ORÇAMENTO!I18","v":48000.21},6.8883205634713382E-2,0.76483046417620393,"B",{"$f":"IF(F16<>F17, COUNTA($C$10:C16) - _xlfn.AGGREGATE(9, 6, $G$9:G15), NA())","v":{"$error":"#N/A"}}]
["2.40","MANGUEIRA FLAT CHATA AZUL 4\"",20674.8,2.9669588942560297E-2,0.79450005311876426,"B",{"$f":"IF(F17<>F18, COUNTA($C$10:C17) - _xlfn.AGGREGATE(9, 6, $G$9:G16), NA())","v":{"$error":"#N/A"}}]
["1.5","VEÍCULO LEVE PICAPE 4x4 PARA VISITAS- OPERAÇÃO E MANUTENÇÃO",{"$f":"ORÇAMENTO!I19","v":17494.849999999999},2.5106168287565102E-2,0.81960622140632933,"B",{"$f":"IF(F18<>F19, COUNTA($C$10:C18) - _xlfn.AGGREGATE(9, 6, $G$9:G17), NA())","v":{"$error":"#N/A"}}]
["2.8",{"$f":"CPU!A131","v":"ESCAVAÇÃO A CÉU ABERTO, EM OBRAS DE INFRAESTRUTURA, INCLUINDO CARGA, DESCARGA E TRANSPORTE, EM SOLO MOLE COM ESCAVADEIRA HIDRÁULICA (CAÇAMBA: 0,8 M³ / 111 HP)"},17126.89,2.457812342389994E-2,0.84418434483022931,"B",{"$f":"IF(F19<>F20, COUNTA($C$10:C19) - _xlfn.AGGREGATE(9, 6, $G$9:G18), NA())","v":{"$error":"#N/A"}}]
["2.7","ESCAVAÇÃO VERTICAL PARA INFRAESTRUTURA, COM CARGA, DESCARGA E TRANSPORTE DE SOLO DE 1ª CATEGORIA, COM ESCAVADEIRA HIDRÁULICA (CAÇAMBA: 0,8 M³ / 111 HP), FROTA DE 3 CAMINHÕES BASCULANTES DE 14 M³, DMT ATÉ 1 KM E VELOCIDADE MÉDIA14 KM/H. ",13408.19,1.9241563921476752E-2,0.86342590875170611,"B",{"$f":"IF(F20<>F21, COUNTA($C$10:C20) - _xlfn.AGGREGATE(9, 6, $G$9:G19), NA())","v":{"$error":"#N/A"}}]
["2.26","REBOCO COM ARGAMASSA, TRAÇO 1:7 (CIMENTO E AREIA), ESP. 20MM, APLICAÇÃO MANUAL, INCLUSIVE ARGAMASSA COM PREPARO MECANIZADO, EXCLUSIVE CHAPISCO",13216.28,1.8966161459834235E-2,0.88239207021154031,"B",{"$f":"IF(F21<>F22, COUNTA($C$10:C21) - _xlfn.AGGREGATE(9, 6, $G$9:G20), NA())","v":{"$error":"#N/A"}}]
["2.13","TRANSPORTE COM CAMINHÃO BASCULANTE DE 18 M³, EM VIA INTERNA (DENTRO DO CANTEIRO - UNIDADE: M3XKM)",12877.8,1.8480422179876128E-2,0.90087249239141642,"B",{"$f":"IF(F22<>F23, COUNTA($C$10:C22) - _xlfn.AGGREGATE(9, 6, $G$9:G21), NA())","v":{"$error":"#N/A"}}]
["2.38","LUVA EM POLIPROPILENO SOLDÁVEL E COM ROSCA DN 4\"",9008.7900000000009,1.2928158732846161E-2,0.91380065112426256,"B",{"$f":"IF(F23<>F24, COUNTA($C$10:C23) - _xlfn.AGGREGATE(9, 6, $G$9:G22), NA())","v":{"$error":"#N/A"}}]
["2.20","CONCRETO FCK = 30MPA, TRAÇO 1:2,1:2,5 (EM MASSA SECA DE CIMENTO/ AREIA MÉDIA/ BRITA 1) - PREPARO MECÂNICO COM BETONEIRA 400 L. ",7717.31,1.1074806790987581E-2,0.92487545791525017,"B",{"$f":"IF(F24<>F25, COUNTA($C$10:C24) - _xlfn.AGGREGATE(9, 6, $G$9:G23), NA())","v":{"$error":"#N/A"}}]
["2.4","ESCARIFICAÇÃO COM REMOÇÃO MANUAL DE ARGAMASSA DETERIORADA. SEM REAPROVEITAMENTO, EXCLUSIVE RECOMPOSIÇÃO",5312.19,7.6233140675982056E-3,0.93249877198284836,"B",{"$f":"IF(F25<>F26, COUNTA($C$10:C25) - _xlfn.AGGREGATE(9, 6, $G$9:G24), NA())","v":{"$error":"#N/A"}}]
["2.10","REATERRO E COMPACTAÇÃO COM SOQUETE VIBRATÓRIO",4721.8999999999996,6.77621220170814E-3,0.93927498418455646,"B",{"$f":"IF(F26<>F27, COUNTA($C$10:C26) - _xlfn.AGGREGATE(9, 6, $G$9:G25), NA())","v":{"$error":"#N/A"}}]
["2.22",{"$f":"CPU!A163","v":"TRANSPORTE DE CONCRETO ATÉ O LOCAL DE APLICAÇÃO COM CARRINHO DE MÃO, EXCLUSIVE APLICAÇÃO"},4621.8,6.6325626450908929E-3,0.94590754682964739,"B",{"$f":"IF(F27<>F28, COUNTA($C$10:C27) - _xlfn.AGGREGATE(9, 6, $G$9:G26), NA())","v":12}]
["2.32",{"$f":"CPU!A101","v":"ASSENTAMENTO DE TUBOS E CONEXÕES PARA BY-PASS, CONFORME PROJETO"},4414.04,6.3344144744335541E-3,0.9522419613040809,"C",{"$f":"IF(F28<>F29, COUNTA($C$10:C28) - _xlfn.AGGREGATE(9, 6, $G$9:G27), NA())","v":{"$error":"#N/A"}}]
["2.41","TÊ 90° GOMADO EM POLIPROPILENO SOLDÁVEL DN 4\"",3968.38,5.6948654094780811E-3,0.95793682671355895,"C",{"$f":"IF(F29<>F30, COUNTA($C$10:C29) - _xlfn.AGGREGATE(9, 6, $G$9:G28), NA())","v":{"$error":"#N/A"}}]
["1.6","FORNECIMENTO E INSTALAÇÃO DE PLACA DE OBRA COM CHAPA GALVANIZADA E ESTRUTURA DE MADEIRA.",3482.09,4.9970098361773654E-3,0.9629338365497363,"C",{"$f":"IF(F30<>F31, COUNTA($C$10:C30) - _xlfn.AGGREGATE(9, 6, $G$9:G29), NA())","v":{"$error":"#N/A"}}]
["2.30","PLANTIO DE GRAMA BATATAIS EM PLACAS. ",3480.93,4.9953451659907914E-3,0.96792918171572706,"C",{"$f":"IF(F31<>F32, COUNTA($C$10:C31) - _xlfn.AGGREGATE(9, 6, $G$9:G30), NA())","v":{"$error":"#N/A"}}]
["2.35","COMPORTA EM FIBRA DE VIDRO, TIPO STOP-LOG",3385.47,4.8583542901198366E-3,0.97278753600584689,"C",{"$f":"IF(F32<>F33, COUNTA($C$10:C32) - _xlfn.AGGREGATE(9, 6, $G$9:G31), NA())","v":{"$error":"#N/A"}}]
["2.2","LIMPEZA DE SUPERFÍCIE COM JATO DE ALTA PRESSÃO",2353.9899999999998,3.3781180797346289E-3,0.97616565408558154,"C",{"$f":"IF(F33<>F34, COUNTA($C$10:C33) - _xlfn.AGGREGATE(9, 6, $G$9:G32), NA())","v":{"$error":"#N/A"}}]
["2.36","TUBO EM POLIPROPILENO SOLDÁVEL, PN-10, DN 4\"",2171.9499999999998,3.1168796652830417E-3,0.9792825337508646,"C",{"$f":"IF(F34<>F35, COUNTA($C$10:C34) - _xlfn.AGGREGATE(9, 6, $G$9:G33), NA())","v":{"$error":"#N/A"}}]
["2.39","ADAPTADOR ESPIGÃO COM ROSCA EXTERNA E ABRAÇADEIRAS DN 4\"",2020.89,2.9000994252970131E-3,0.98218263317616161,"C",{"$f":"IF(F35<>F36, COUNTA($C$10:C35) - _xlfn.AGGREGATE(9, 6, $G$9:G34), NA())","v":{"$error":"#N/A"}}]
["2.11","ESPALHAMENTO DE MATERIAL COM TRATOR DE ESTEIRAS. ",1965.78,2.8210132408297145E-3,0.98500364641699134,"C",{"$f":"IF(F36<>F37, COUNTA($C$10:C36) - _xlfn.AGGREGATE(9, 6, $G$9:G35), NA())","v":{"$error":"#N/A"}}]
["2.37","VÁLVULA ESFERA EM POLIPROPILENO SOLDÁVEL DN 4\"",1938.16,2.7813768696631973E-3,0.98778502328665452,"C",{"$f":"IF(F37<>F38, COUNTA($C$10:C37) - _xlfn.AGGREGATE(9, 6, $G$9:G36), NA())","v":{"$error":"#N/A"}}]
["2.25","CHAPISCO APLICADO EM ALVENARIAS E ESTRUTURAS DE CONCRETO INTERNAS, COM COLHER DE PEDREIRO. ARGAMASSA TRAÇO 1:3 COM PREPARO EM BETONEIRA 400L. ",1879.72,2.6975119337120284E-3,0.99048253522036656,"C",{"$f":"IF(F38<>F39, COUNTA($C$10:C38) - _xlfn.AGGREGATE(9, 6, $G$9:G37), NA())","v":{"$error":"#N/A"}}]
["1.2","MOBILIZAÇÃO",1336.89,1.9185180394209105E-3,0.99240105325978745,"C",{"$f":"IF(F39<>F40, COUNTA($C$10:C39) - _xlfn.AGGREGATE(9, 6, $G$9:G38), NA())","v":{"$error":"#N/A"}}]
["1.3","DESMOBILIZAÇÃO",1336.89,1.9185180394209105E-3,0.99431957129920834,"C",{"$f":"IF(F40<>F41, COUNTA($C$10:C40) - _xlfn.AGGREGATE(9, 6, $G$9:G39), NA())","v":{"$error":"#N/A"}}]
["2.15",{"$f":"CPU!A192","v":"RAMPA PROVISÓRIA PARA ACESSO DE EQIPAMENTOS AO FUNDO DOS TANQUES, EXECUTADA EM TALUDES, INCLUINDO DESCARGA E COMPACTAÇÃO, EXCLUSIVE ESCAVAÇÃO E TRANSPORTE DO SOLO"},1178,1.6905012756755098E-3,0.99601007257488383,"C",{"$f":"IF(F41<>F42, COUNTA($C$10:C41) - _xlfn.AGGREGATE(9, 6, $G$9:G40), NA())","v":{"$error":"#N/A"}}]
["2.23","TRANSPORTE DE MATERIAL DE QUALQUER NATUREZA COM CARRINHO DE MÃO, COM DISTÂNCIAS MAIORES QUE 50M E MENORES OU IGUAIS A 100M, INCLUSIVE CARGA/DESGARGA",841.61,1.2077612721742494E-3,0.99721783384705809,"C",{"$f":"IF(F42<>F43, COUNTA($C$10:C42) - _xlfn.AGGREGATE(9, 6, $G$9:G41), NA())","v":{"$error":"#N/A"}}]
["2.16",{"$f":"CPU!A204","v":"RETIRADA DE RAMPA PROVISÓRIA PARA ACESSO DE EQUIPAMENTOS AO FUNDO DOS TANQUES"},589,8.4525063783775492E-4,0.99806308448489589,"C",{"$f":"IF(F43<>F44, COUNTA($C$10:C43) - _xlfn.AGGREGATE(9, 6, $G$9:G42), NA())","v":{"$error":"#N/A"}}]
["2.21","LANÇAMENTO COM USO DE BOMBA, ADENSAMENTO E ACABAMENTO DE CONCRETO EM ESTRUTURAS. ",560.88,8.0489673641840405E-4,0.99886798122131426,"C",{"$f":"IF(F44<>F45, COUNTA($C$10:C44) - _xlfn.AGGREGATE(9, 6, $G$9:G43), NA())","v":{"$error":"#N/A"}}]
["2.3","LIMPEZA MANUAL DE ALVENARIA",505.56,7.2550918924491569E-4,0.99959349041055923,"C",{"$f":"IF(F45<>F46, COUNTA($C$10:C45) - _xlfn.AGGREGATE(9, 6, $G$9:G44), NA())","v":{"$error":"#N/A"}}]
["2.33",{"$f":"CPU!A114","v":"ASSENTAMENTO DE COMPORTA STOP LOG"},283.27,4.0650958944023907E-4,0.99999999999999944,"C",{"$f":"IF(F46<>F47, COUNTA($C$10:C46) - _xlfn.AGGREGATE(9, 6, $G$9:G45), NA())","v":19}]
[null,"TOTAL",{"$f":"SUM(C10:C46)","v":696834.73000000033},null,null,null,{"$f":"IF(F47<>F48, COUNTA($C$10:C47) - _xlfn.AGGREGATE(9, 6, $G$9:G46), NA())","v":{"$error":"#N/A"}}]
[{"$nulls":6},{"$f":"IF(F48<>F49, COUNTA($C$10:C48) - _xlfn.AGGREGATE(9, 6, $G$9:G47), NA())","v":{"$error":"#N/A"}}]
[{"$nulls":6},{"$f":"IF(F49<>F50, COUNTA($C$10:C49) - _xlfn.AGGREGATE(9, 6, $G$9:G48), NA())","v":{"$error":"#N/A"}}]
[{"$nulls":6},{"$f":"IF(F50<>F51, COUNTA($C$10:C50) - _xlfn.AGGREGATE(9, 6, $G$9:G49), NA())","v":{"$error":"#N/A"}}]
[{"$nulls":6},{"$f":"IF(F51<>F52, COUNTA($C$10:C51) - _xlfn.AGGREGATE(9, 6, $G$9:G50), NA())","v":{"$error":"#N/A"}}]

{"sheet":"CPU","index":3,"n_rows":212,"n_cols":11,"rows_kept":212,"cut":false,"hidden":false,"merged":[]}
["MINISTÉRIO DO DESENVOLVIMENTO REGIONAL - MDR"]
["COMPANHIA DE DESENVOLVIMENTO DOS VALES DO SÃO FRANCISCO E DO PARNAÍBA"]
["1ª SUPERINTENDÊNCIA REGIONAL"]
["RESTAURAÇÃO DO SISTEMA DE ALIMENTAÇÃO DE ÁGUA E DOS TANQUES DA PISCICULTURA"]
["Local:","TRÊS MARIAS - MG",{"$nulls":4},"BDI Serviços:",{"$f":"BDI_Serviços!G5","v":0.26650000000000001}]
["Data:","2024-10-11",{"$nulls":4},"BDI Materiais:",0.15300000000000002]
["Bases:","SINAPI 08-2024 | SICRO 04-2024 | SETOP 07-2024",{"$nulls":4},"Revisão:",1]
[" COMPOSIÇÃO DE PREÇO UNITÁRIO",{"$nulls":6},"CPU001"]
["DESCRIÇÃO DO SERVIÇO",{"$nulls":5},"DATA BASE: ","2023-08-01"]
["MOBILIZAÇÃO ",{"$nulls":5},"UNIDADE: ","gb"]
["EQUIPAMENTO"]
["BASE","CÓDIGO","DISCRIMINAÇÃO","UNID.","QUANT.","P.UN.PROD","P.UN.IMPR","P.TOTAL"]
["SINAPI",5811,"CAMINHÃO BASCULANTE 6 M3, PESO BRUTO TOTAL 16.000 KG, CARGA ÚTIL MÁXIMA 13.071 KG, DISTÂNCIA ENTRE EIXOS 4,80 M, POTÊNCIA 230 CV INCLUSIVE CAÇAMBA METÁLICA - CHP DIURNO.","h",3,202.77,null,{"$f":"E13*F13+E13*G13","v":608.31000000000006}]
["SINAPI",5678,"RETROESCAVADEIRA SOBRE RODAS COM CARREGADEIRA, TRAÇÃO 4X4, POTÊNCIA LÍQ. 88 HP, CAÇAMBA CARREG. CAP. MÍN. 1 M3, CAÇAMBA RETRO CAP. 0,26 M3, PESO OPERACIONAL MÍN. 6.674 KG, PROFUNDIDADE ESCAVAÇÃO MÁX. 4,37 M - CHP DIURNO.","h",3,149.09,null,{"$f":"E14*F14+E14*G14","v":447.27}]
[{"$nulls":6},"SUB-TOTAL",{"$f":"SUM(H13:H14)","v":1055.58}]
[null,null,"PRODUÇÃO DA EQUIPE",1,null,null,"CUSTO ",{"$f":"H15+H11","v":1055.58}]
["TOTAL - R$",{"$nulls":6},{"$f":"H16/D16","v":1055.58}]
["BDI                %",{"$nulls":6},1]
["TOTAL DO SERVIÇO - R$",{"$nulls":6},{"$f":"H17*H18","v":1055.58}]
[]
[" COMPOSIÇÃO DE PREÇO UNITÁRIO",{"$nulls":6},"CPU002"]
["DESCRIÇÃO DO SERVIÇO",{"$nulls":5},"DATA BASE: ","2023-08-01"]
["DESMOBILIZAÇÃO ",{"$nulls":5},"UNIDADE: ","gb"]
["EQUIPAMENTO"]
["BASE","CÓDIGO","DISCRIMINAÇÃO","UNID.","QUANT.","P.UN.PROD","P.UN.IMPR","P.TOTAL"]
["SINAPI",5811,"CAMINHÃO BASCULANTE 6 M3, PESO BRUTO TOTAL 16.000 KG, CARGA ÚTIL MÁXIMA 13.071 KG, DISTÂNCIA ENTRE EIXOS 4,80 M, POTÊNCIA 230 CV INCLUSIVE CAÇAMBA METÁLICA - CHP DIURNO.","h",3,202.77,null,{"$f":"E26*F26+E26*G26","v":608.31000000000006}]
["SINAPI",5678,"RETROESCAVADEIRA SOBRE RODAS COM CARREGADEIRA, TRAÇÃO 4X4, POTÊNCIA LÍQ. 88 HP, CAÇAMBA CARREG. CAP. MÍN. 1 M3, CAÇAMBA RETRO CAP. 0,26 M3, PESO OPERACIONAL MÍN. 6.674 KG, PROFUNDIDADE ESCAVAÇÃO MÁX. 4,37 M - CHP DIURNO.","h",3,149.09,null,{"$f":"E27*F27+E27*G27","v":447.27}]
[{"$nulls":6},"SUB-TOTAL",{"$f":"SUM(H26:H27)","v":1055.58}]
[null,null,"PRODUÇÃO DA EQUIPE",1,null,null,"CUSTO ",{"$f":"H28+H24","v":1055.58}]
["TOTAL - R$",{"$nulls":6},{"$f":"H29/D29","v":1055.58}]
["BDI                %",{"$nulls":6},1]
["TOTAL DO SERVIÇO - R$",{"$nulls":6},{"$f":"H30*H31","v":1055.58}]
[]
[" COMPOSIÇÃO DE PREÇO UNITÁRIO",{"$nulls":6},"CPU003"]
["DESCRIÇÃO DO SERVIÇO",{"$nulls":5},"DATA BASE: ","2023-08-01"]
["ADMINISTRAÇÃO LOCAL ",{"$nulls":5},"UNIDADE: ","gb"]
["MATERIAL"]
["BASE","CÓDIGO","DISCRIMINAÇÃO","UNI","QUANT.",null,"P.UNIT.","P.TOTAL"]
["MERCADO",null,"TELEFONE E INTERNET","mês",2,null,104.96,{"$f":"E39*G39","v":209.92}]
["MERCADO",null,"MATERIAL PARA ESCRITÓRIO","mês",2,null,157.59,{"$f":"E40*G40","v":315.18}]
["MERCADO",null,"MATERIAL DE LIMPEZA","mês",2,null,52.53,{"$f":"E41*G41","v":105.06}]
["SUB-TOTAL",{"$nulls":6},{"$f":"SUM(H39:H41)","v":630.16000000000008}]
["MÃO DE OBRA"]
["BASE","CÓDIGO","DISCRIMINAÇÃO","UNI","QUANT.",null,"P.UNIT.","P.TOTAL"]
["SINAPI",93565,"ENGENHEIRO CIVIL DE OBRA PLENO (MENSALISTA) ","mês",0.7,null,20794.310000000001,{"$f":"G45*E45","v":14556.017},null,0.8,{"$f":"J45*1.5","v":1.2000000000000002}]
["SINAPI",40819,"MESTRE DE OBRAS (MENSALISTA) ","mês",0.9,null,14752.75,{"$f":"E46*G46","v":13277.475},null,1,{"$f":"J46*1.5","v":1.5}]
["SINAPI",40812,"AUXILIAR DE ESCRITORIO (MENSALISTA) ","mês",1.8,null,3149.3,{"$f":"E47*G47","v":5668.7400000000007},null,2,3]
["SINAPI",40943,"TECNICO EM SEGURANCA DO TRABALHO (HORISTA)","h",75,null,35.380000000000003,{"$f":"E48*G48","v":2653.5},null,88,132]
["SICRO         04-2023","E9134 ","MINIÔNIBUS COM CAPACIDADE PARA 30 PASSAGEIROS - 111 KW - MÃO DE OBRA DE OPERAÇÃO","h",40,null,27.85,{"$f":"E49*G49","v":1114},null,44,66]
[{"$nulls":6},"SUB-TOTAL",{"$f":"SUM(H45:H49)","v":37269.731999999996}]
[null,null,"PRODUÇÃO DA EQUIPE",1,null,null,"CUSTO ",{"$f":"H50+H42","v":37899.892}]
["TOTAL - R$",{"$nulls":6},{"$f":"H51/D51","v":37899.892}]
["BDI                %",{"$nulls":6},1]
["TOTAL DO SERVIÇO - R$",{"$nulls":6},{"$f":"H52*H53","v":37899.892}]
[]
[" COMPOSIÇÃO DE PREÇO UNITÁRIO",{"$nulls":6},"CPU004"]
["DESCRIÇÃO DO SERVIÇO",{"$nulls":5},"DATA BASE: ","2023-08-01"]
["LIMPEZA MANUAL DE ALVENARIA",{"$nulls":5},"UNIDADE: ","m²"]
["MÃO DE OBRA"]
["BASE","CÓDIGO","DISCRIMINAÇÃO","UNI","QUANT.",null,"P.UNIT.","P.TOTAL"]
["SINAPI",88316,"SERVENTE COM ENCARGOS COMPLEMENTARES","h",7.2999999999999995E-2,null,20.41,{"$f":"E61*G61","v":1.48993}]
["SUB-TOTAL",{"$nulls":6},{"$f":"SUM(H61:H61)","v":1.48993}]
["PRODUÇÃO DA EQUIPE",null,null,1,"CUSTO ",null,null,{"$f":"H62","v":1.48993}]
["TOTAL - R$",{"$nulls":6},{"$f":"H63/D63","v":1.48993}]
["BDI                %",{"$nulls":6},1]
["TOTAL DO SERVIÇO - R$",{"$nulls":6},{"$f":"H64*H65","v":1.48993}]
[]
[" COMPOSIÇÃO DE PREÇO UNITÁRIO",{"$nulls":6},"CPU005"]
["DESCRIÇÃO DO SERVIÇO",{"$nulls":5},"DATA BASE: ","2023-08-01"]
["REVESTIMENTO PRIMER EPÓXI",{"$nulls":5},"UNIDADE: ","m²"]
["MATERIAL"]
["BASE","CÓDIGO","DISCRIMINAÇÃO","UNI","QUANT.",null,"P.UNIT.","P.TOTAL"]
["SINAPI",5330,"DILUENTE EPOXI ","l",6.4000000000000001E-2,null,69.16,{"$f":"E73*G73","v":4.42624}]
["SINAPI",153,"REVESTIMENTO EPOXI DE ALTA RESISTENCIA QUIMICA, ISENTO DE SOLVENTES, BICOMPONENTE","l",0.32200000000000001,null,84.7,{"$f":"E74*G74","v":27.273400000000002}]
["SINAPI",44072,"PRIMER EPOXI / EPOXIDICO","l",0.2016,null,137.97999999999999,{"$f":"E75*G75","v":27.816768}]
["SUB-TOTAL",{"$nulls":6},{"$f":"SUM(H73:H75)","v":59.516407999999998}]
["MÃO DE OBRA"]
["BASE","CÓDIGO","DISCRIMINAÇÃO","UNI","QUANT.",null,"P.UNIT.","P.TOTAL"]
["SINAPI",88316,"SERVENTE COM ENCARGOS COMPLEMENTARES","h",0.27500000000000002,null,20.41,{"$f":"E79*G79","v":5.6127500000000001}]
["SINAPI",88310,"PINTOR COM ENCARGOS COMPLEMENTARES","h",0.115,null,29.63,{"$f":"E80*G80","v":3.4074499999999999}]
["SUB-TOTAL",{"$nulls":6},{"$f":"SUM(H79:H80)","v":9.0201999999999991}]
["PRODUÇÃO DA EQUIPE",null,null,1,"CUSTO ",null,null,{"$f":"H81+H76","v":68.536608000000001}]
["TOTAL - R$",{"$nulls":6},{"$f":"H82/D82","v":68.536608000000001}]
["BDI                %",{"$nulls":6},1]
["TOTAL DO SERVIÇO - R$",{"$nulls":6},{"$f":"H83*H84","v":68.536608000000001}]
[]
[" COMPOSIÇÃO DE PREÇO UNITÁRIO",{"$nulls":6},"CPU006"]
["DESCRIÇÃO DO SERVIÇO",{"$nulls":5},"DATA BASE: ","2022-09-22"]
["FORNECIMENTO DE SOLO ARGILOSO PARA ATERRO A SER ESCAVADO EM JAZIDA EXCLUSIVE ESCAVAÇÃO, CARGA E TRANSPORTE",{"$nulls":5},"UNIDADE: ","m³"]
["MATERIAL"]
["BASE","CÓDIGO","DISCRIMINAÇÃO","UNI","QUANT.",null,"P.UNIT.","P.TOTAL"]
["Cotação",null,"FORNECIMENTO DE SOLO PREDOMINANTEMENTE ARGILOSO PARA ATERRO, DISPONÍVEL EM JAZIDA A 20KM DE DISTÂNCIA DO LOCAL DA OBRA , SEM INCLUIR ESCAVAÇÃO, CARGA E TRANSPORTE","m³",1,null,25,{"$f":"E92*G92","v":25}]
["SUB-TOTAL",{"$nulls":6},{"$f":"SUM(H92:H92)","v":25}]
["PRODUÇÃO DA EQUIPE",null,null,1,"CUSTO ",null,null,{"$f":"H93","v":25}]
["TOTAL - R$",{"$nulls":6},{"$f":"H94/D94*1.0506052","v":26.265129999999999}]
["BDI                %",{"$nulls":6},1]
["TOTAL DO SERVIÇO - R$",{"$nulls":6},{"$f":"H95*H96","v":26.265129999999999}]
[]
[" COMPOSIÇÃO DE PREÇO UNITÁRIO",{"$nulls":6},"CPU007"]
["DESCRIÇÃO DO SERVIÇO",{"$nulls":5},"DATA BASE: ","2023-08-01"]
["ASSENTAMENTO DE TUBOS E CONEXÕES PARA BY-PASS, CONFORME PROJETO",{"$nulls":5},"UNIDADE: ","cj"]
["MÃO DE OBRA"]
["BASE","CÓDIGO","DISCRIMINAÇÃO","UNI","QUANT.",null,"P.UNIT.","P.TOTAL"]
["SINAPI",88316,"SERVENTE COM ENCARGOS COMPLEMENTARES","h",72.927999999999997,null,20.41,{"$f":"E104*G104","v":1488.46048}]
["SINAPI",88267,"ENCANADOR OU BOMBEIRO HIDRÁULICO COM ENCARGOS COMPLEMENTARES","h",72.927999999999997,null,27.38,{"$f":"E105*G105","v":1996.7686399999998}]
["SUB-TOTAL",{"$nulls":6},{"$f":"SUM(H104:H105)","v":3485.22912}]
["PRODUÇÃO DA EQUIPE",null,null,1,"CUSTO ",null,null,{"$f":"H106","v":3485.22912}]
["TOTAL - R$",{"$nulls":6},{"$f":"H107/D107","v":3485.22912}]
["BDI                %",{"$nulls":6},1]
["TOTAL DO SERVIÇO - R$",{"$nulls":6},{"$f":"H108*H109","v":3485.22912}]
[]
[" COMPOSIÇÃO DE PREÇO UNITÁRIO",{"$nulls":6},"CPU008"]
["DESCRIÇÃO DO SERVIÇO",{"$nulls":5},"DATA BASE: ","2023-08-01"]
["ASSENTAMENTO DE COMPORTA STOP LOG",{"$nulls":5},"UNIDADE: ","un"]
["SERVIÇOS - COMPOSIÇÕES AUXILIARES"]
["BASE","CÓDIGO","DISCRIMINAÇÃO","UNI","QUANT.",null,"P.UNIT.","P.TOTAL"]
["SINAPI",100480,"ARGAMASSA TRAÇO 1:3 (EM VOLUME DE CIMENTO E AREIA MÉDIA ÚMIDA) COM ADIÇÃO DE IMPERMEABILIZANTE, PREPARO MANUAL. ","m³",0.105,null,816.44,{"$f":"E117*G117","v":85.726200000000006}]
["SUB-TOTAL",{"$nulls":6},{"$f":"SUM(H117)","v":85.726200000000006}]
["MÃO DE OBRA"]
["BASE","CÓDIGO","DISCRIMINAÇÃO","UNI","QUANT.",null,"P.UNIT.","P.TOTAL"]
["SINAPI",88316,"SERVENTE COM ENCARGOS COMPLEMENTARES","h",4,null,20.41,{"$f":"E121*G121","v":81.64}]
["SINAPI",88309,"PEDREIRO COM ENCARGOS COMPLEMENTARES ","h",2,null,28.15,{"$f":"E122*G122","v":56.3}]
["SUB-TOTAL",{"$nulls":6},{"$f":"SUM(H121:H122)","v":137.94}]
["PRODUÇÃO DA EQUIPE",null,null,1,"CUSTO ",null,null,{"$f":"H123+H118","v":223.6662}]
["TOTAL - R$",{"$nulls":6},{"$f":"H124/D124","v":223.6662}]
["BDI                %",{"$nulls":6},1]
["TOTAL DO SERVIÇO - R$",{"$nulls":6},{"$f":"H125*H126","v":223.6662}]
[]
[" COMPOSIÇÃO DE PREÇO UNITÁRIO",{"$nulls":6},"CPU009"]
["DESCRIÇÃO DO SERVIÇO",{"$nulls":5},"DATA BASE: ","2023-08-01"]
["ESCAVAÇÃO A CÉU ABERTO, EM OBRAS DE INFRAESTRUTURA, INCLUINDO CARGA, DESCARGA E TRANSPORTE, EM SOLO MOLE COM ESCAVADEIRA HIDRÁULICA (CAÇAMBA: 0,8 M³ / 111 HP)",{"$nulls":5},"UNIDADE: ","m³"]
["EQUIPAMENTOS"]
["BASE","CÓDIGO","DISCRIMINAÇÃO","UNI","QUANT.",null,"P.UNIT.","P.TOTAL"]
["SINAPI",5631,"ESCAVADEIRA HIDRÁULICA SOBRE ESTEIRAS, CAÇAMBA 0,80 M3, PESO OPERACIONAL 1 7 T, POTENCIA BRUTA 111 HP - CHP DIURNO. ","chp",4.02E-2,null,212,{"$f":"E134*G134","v":8.5223999999999993}]
["SINAPI",5632,"ESCAVADEIRA HIDRÁULICA SOBRE ESTEIRAS, CAÇAMBA 0,80 M3, PESO OPERACIONAL 1 7 T, POTENCIA BRUTA 111 HP - CHI DIURNO. ","chi",4.3700000000000003E-2,null,93.43,{"$f":"E135*G135","v":4.0828910000000009}]
["SINAPI",89876,"CAMINHÃO BASCULANTE 14 M3, COM CAVALO MECÂNICO DE CAPACIDADE MÁXIMA DE TRAÇÃO COMBINADO DE 36000 KG, POTÊNCIA 286 CV, INCLUSIVE SEMIREBOQUE COM CAÇAMBA METÁLICA - CHP DIURNO.","chp",2.2800000000000001E-2,null,334.1,{"$f":"E136*G136","v":7.6174800000000005}]
["SINAPI",89877,"CAMINHÃO BASCULANTE 14 M3, COM CAVALO MECÂNICO DE CAPACIDADE MÁXIMA DE TRAÇÃO COMBINADO DE 36000 KG, POTÊNCIA 286 CV, INCLUSIVE SEMIREBOQUE COM CAÇAMBA METÁLICA - CHI DIURNO.","chi",1.32E-2,null,92.54,{"$f":"E137*G137","v":1.2215280000000002}]
["SUB-TOTAL",{"$nulls":6},{"$f":"SUM(H134:H137)","v":21.444299000000001}]
["MÃO DE OBRA"]
["BASE","CÓDIGO","DISCRIMINAÇÃO","UNI","QUANT.",null,"P.UNIT.","P.TOTAL"]
["SINAPI",88316,"SERVENTE COM ENCARGOS COMPLEMENTARES","h",1.2E-2,null,20.41,{"$f":"E141*G141","v":0.24492}]
["SUB-TOTAL",{"$nulls":6},{"$f":"SUM(H141:H141)","v":0.24492}]
["PRODUÇÃO DA EQUIPE",null,null,1,"CUSTO ",null,null,{"$f":"H142+H138","v":21.689219000000001}]
["TOTAL - R$",{"$nulls":6},{"$f":"H143/D143","v":21.689219000000001}]
["BDI                %",{"$nulls":6},1]
["TOTAL DO SERVIÇO - R$",{"$nulls":6},{"$f":"H144*H145","v":21.689219000000001}]
[]
[" COMPOSIÇÃO DE PREÇO UNITÁRIO",{"$nulls":6},"CPU010"]
["DESCRIÇÃO DO SERVIÇO",{"$nulls":5},"DATA BASE: ","2023-04-01"]
["VEÍCULO LEVE PICAPE 4x4 PARA VISITAS - OPERAÇÃO E MANUTENÇÃO",{"$nulls":5},"UNIDADE: ","mês"]
["EQUIPAMENTOS"]
["BASE","CÓDIGO","DISCRIMINAÇÃO","UNI","QUANT.","P.UN.PROD","P.UNIT.","P.TOTAL"]
["SICRO","E9684 ","VEÍCULO LEVE PICAPE 4 X 4 COM CAPACIDADE DE 1,10 T - 147 KW","chp",44,50.49,106.11,{"$f":"(E153*G153)+(F153*E153)","v":6890.4}]
["SICRO","E9684 ","VEÍCULO LEVE PICAPE 4 X 4 COM CAPACIDADE DE 1,10 T - 147 KW - MANUTENÇÃO","h",1,null,16.37,{"$f":"E154*G154","v":16.37}]
["SUB-TOTAL",{"$nulls":6},{"$f":"SUM(H153:H154)","v":6906.7699999999995}]
["PRODUÇÃO DA EQUIPE",null,null,1,"CUSTO ",null,null,{"$f":"H155","v":6906.7699999999995}]
["TOTAL - R$",{"$nulls":6},{"$f":"H156/D156","v":6906.7699999999995}]
["BDI                %",{"$nulls":6},1]
["TOTAL DO SERVIÇO - R$",{"$nulls":6},{"$f":"H157*H158","v":6906.7699999999995}]
[]
[" COMPOSIÇÃO DE PREÇO UNITÁRIO",{"$nulls":6},"CPU011"]
["DESCRIÇÃO DO SERVIÇO",{"$nulls":5},"DATA BASE: ","2023-08-01"]
["TRANSPORTE DE CONCRETO ATÉ O LOCAL DE APLICAÇÃO COM CARRINHO DE MÃO, EXCLUSIVE APLICAÇÃO",{"$nulls":5},"UNIDADE: ","m³Xm"]
["EQUIPAMENTOS"]
["BASE","CÓDIGO","DISCRIMINAÇÃO","UNI","QUANT.","P.UN.PROD","P.UN.IMPR","P.TOTAL"]
["SICRO","E9071 ","TRANSPORTADOR MANUAL CARRINHO DE MÃO COM CAPACIDADE DE 80 L","h",6.8309999999999996E-2,0.47,0.69,{"$f":"(E166*G166)+(E166*F166)","v":7.9239599999999993E-2}]
["SUB-TOTAL",{"$nulls":6},{"$f":"SUM(H166)","v":7.9239599999999993E-2}]
["SERVIÇOS - COMPOSIÇÕES AUXILIARES"]
["BASE","CÓDIGO","DISCRIMINAÇÃO","UNI","QUANT.",null,"P.UNIT.","P.TOTAL"]
["SINAPI",100205,"TRANSPORTE HORIZONTAL COM JERICA DE 60 L, DE MASSA/ GRANEL","m³km",1E-3,null,1394.13,{"$f":"E170*G170","v":1.3941300000000001}]
["SUB-TOTAL",{"$nulls":6},{"$f":"SUM(H170:H170)","v":1.3941300000000001}]
["PRODUÇÃO DA EQUIPE",null,null,1,"CUSTO ",null,null,{"$f":"H171+H167","v":1.4733696000000001}]
["TOTAL - R$",{"$nulls":6},{"$f":"H172/D172","v":1.4733696000000001}]
["BDI                %",{"$nulls":6},1]
["TOTAL DO SERVIÇO - R$",{"$nulls":6},{"$f":"H173*H174","v":1.4733696000000001}]
[]
[" COMPOSIÇÃO DE PREÇO UNITÁRIO",{"$nulls":6},"CPU012"]
["DESCRIÇÃO DO SERVIÇO",{"$nulls":5},"DATA BASE: ","2023-04-01"]
["ESCARIFICAÇÃO COM REMOÇÃO MANUAL DE ARGAMASSA DETERIORADA, SEM REAPROVEIAMENTO, EXCLUSIVE RECOMPOSIÇÃO",{"$nulls":5},"UNIDADE: ","m²"]
["MÃO DE OBRA"]
["BASE","CÓDIGO","DISCRIMINAÇÃO","UNI","QUANT.",null,"P.UNIT.","P.TOTAL"]
["SINAPI",88316,"SERVENTE COM ENCARGOS COMPLEMENTARES","h",0.55000000000000004,null,20.41,{"$f":"E182*G182","v":11.2255}]
["SINAPI",88309,"PEDREIRO COM ENCARGOS COMPLEMENTARES ","h",5.5E-2,null,28.15,{"$f":"E183*G183","v":1.5482499999999999}]
["SUB-TOTAL",{"$nulls":6},{"$f":"SUM(H182:H183)","v":12.77375}]
["PRODUÇÃO DA EQUIPE",null,null,1,"CUSTO ",null,null,{"$f":"H184","v":12.77375}]
["TOTAL - R$",{"$nulls":6},{"$f":"H185/D185","v":12.77375}]
["BDI                %",{"$nulls":6},1]
["TOTAL DO SERVIÇO - R$",{"$nulls":6},{"$f":"H186*H187","v":12.77375}]
[]
[" COMPOSIÇÃO DE PREÇO UNITÁRIO",{"$nulls":6},"CPU013"]
["DESCRIÇÃO DO SERVIÇO",{"$nulls":5},"DATA BASE: ","2023-08-01"]
["RAMPA PROVISÓRIA PARA ACESSO DE EQIPAMENTOS AO FUNDO DOS TANQUES, EXECUTADA EM TALUDES, INCLUINDO DESCARGA E COMPACTAÇÃO, EXCLUSIVE ESCAVAÇÃO E TRANSPORTE DO SOLO",{"$nulls":5},"UNIDADE: ","m³"]
["EQUIPAMENTO"]
["BASE","CÓDIGO","DISCRIMINAÇÃO","UNID.","QUANT.","P.UN.PROD","P.UN.IMPR","P.TOTAL"]
["SINAPI",5678,"RETROESCAVADEIRA SOBRE RODAS COM CARREGADEIRA, TRAÇÃO 4X4, POTÊNCIA LÍQ. 88 HP, CAÇAMBA CARREG. CAP. MÍN. 1 M3, CAÇAMBA RETRO CAP. 0,26 M3, PESO OPERACIONAL MÍN. 6.674 KG, PROFUNDIDADE ESCAVAÇÃO MÁX. 4,37 M - CHP DIURNO.","h",0.1,155.16999999999999,149.09,{"$f":"E195*F195+E195*G195","v":30.426000000000002}]
["SUB-TOTAL",{"$nulls":6},{"$f":"SUM(H195:H195)","v":30.426000000000002}]
["PRODUÇÃO DA EQUIPE",null,null,1,"CUSTO ",null,null,{"$f":"H196","v":30.426000000000002}]
["TOTAL - R$",{"$nulls":6},{"$f":"H197/D197","v":30.426000000000002}]
["BDI                %",{"$nulls":6},1]
["TOTAL DO SERVIÇO - R$",{"$nulls":6},{"$f":"H198*H199","v":30.426000000000002}]
[]
[" COMPOSIÇÃO DE PREÇO UNITÁRIO",{"$nulls":6},"CPU014"]
["DESCRIÇÃO DO SERVIÇO",{"$nulls":5},"DATA BASE: ","2023-08-01"]
["RETIRADA DE RAMPA PROVISÓRIA PARA ACESSO DE EQUIPAMENTOS AO FUNDO DOS TANQUES",{"$nulls":5},"UNIDADE: ","m³"]
["EQUIPAMENTO"]
["BASE","CÓDIGO","DISCRIMINAÇÃO","UNID.","QUANT.","P.UN.PROD","P.UN.IMPR","P.TOTAL"]
["SINAPI",5678,"RETROESCAVADEIRA SOBRE RODAS COM CARREGADEIRA, TRAÇÃO 4X4, POTÊNCIA LÍQ. 88 HP, CAÇAMBA CARREG. CAP. MÍN. 1 M3, CAÇAMBA RETRO CAP. 0,26 M3, PESO OPERACIONAL MÍN. 6.674 KG, PROFUNDIDADE ESCAVAÇÃO MÁX. 4,37 M - CHP DIURNO.","h",0.05,155.16999999999999,149.09,{"$f":"E207*F207+E207*G207","v":15.213000000000001}]
["SUB-TOTAL",{"$nulls":6},{"$f":"SUM(H207:H207)","v":15.213000000000001}]
["PRODUÇÃO DA EQUIPE",null,null,1,"CUSTO ",null,null,{"$f":"H208","v":15.213000000000001}]
["TOTAL - R$",{"$nulls":6},{"$f":"H209/D209","v":15.213000000000001}]
["BDI                %",{"$nulls":6},1]
["TOTAL DO SERVIÇO - R$",{"$nulls":6},{"$f":"H210*H211","v":15.213000000000001}]

{"sheet":"BDI_Serviços","index":4,"n_rows":34,"n_cols":7,"rows_kept":34,"cut":false,"hidden":false,"merged":[[8,1,8,4]]}
["MINITÉRIO DA INTEGRAÇÃO E DO DESENVOLVIMENTO REGIONAL"]
["COMPANHIA DE DESENVOLVIMENTO DOS VALES DO SÃO FRANCISCO E DO PARNAÍBA"]
["1° SUPERINTENDÊNCIA REGIONAL"]
["DETALHAMENTO DO BDI - SERVIÇOS"]
["Local:","TRÊS MARIAS-MG",null,null,null,"BDI Serviços:",{"$f":"B32","v":0.26650000000000001}]
["Data:","2024-10-11",null,null,null,"BDI Materiais:",0.153]
["Bases:","SINAPI 08-2024 | SICRO 04-2024 | SETOP 07-2024",null,null,null,"Revisão:",0]
[]
["TIPO DE OBRA:","CONSTRUÇÃO DE REDES DE ABASTECIMENTO DE ÁGUA, COLETA DE ESGOTO E CONSTRUÇÕES CORRELATAS"]
[]
["ITEM","DESCRIÇÃO DOS SERVIÇOS",null,"%"]
[]
[]
[1,"ADMINISTRAÇÃO CENTRAL",null,4.4600000000000001E-2,"a =","Administração Central"]
[" "," ",null," "]
[2,"IMPOSTOS E TAXAS",null,{"$f":"SUM(D17:D19)","v":8.6499999999999994E-2},"i =","Impostos"]
["2.1","ISS",null,0.05]
["2.2","PIS",null,6.4999999999999997E-3]
["2.3","Cofins",null,0.03," "," "," "]
[]
[3,"SEGUROS, RISCOS E GARANTIAS",null,1.8800000000000001E-2,"r =","Seguros, Riscos e Garantias"]
["3.1","Seguros e garantias"]
["3.2","Riscos"]
[{"$nulls":4}," "," "]
[4,"DESPESAS FINANCEIRAS",null,9.9000000000000008E-3,"df  =","Despesas financeiras"]
[]
[5,"LUCRO",null,7.7229999999999993E-2,"l =","Lucro"]
[]
[]
["BDI = (((1+a+r)*(1+df)*(1+l))/(1-i))-1"]
["BDI =",{"$f":"((((1+D14+D21)*(1+D25)*(1+D27))/(1-D16))-1)","v":0.26641170572720285},"calculado"]
["BDI =",0.26650000000000001,"adotado"]
[" "]
["*Fórmula BDI conforme Acórdão 2622/2013 do TCU"]

{"sheet":"BDI_Fornecimento","index":5,"n_rows":34,"n_cols":7,"rows_kept":34,"cut":false,"hidden":false,"merged":[]}
["MINITÉRIO DA INTEGRAÇÃO E DO DESENVOLVIMENTO REGIONAL"]
["COMPANHIA DE DESENVOLVIMENTO DOS VALES DO SÃO FRANCISCO E DO PARNAÍBA"]
["1° SUPERINTENDÊNCIA REGIONAL"]
["DETALHAMENTO DO BDI - MATERIAIS"]
["Local:","TRÊS MARIAS- MG",null,null,null,"BDI Serviços:",{"$f":"BDI_Serviços!B32","v":0.26650000000000001}]
["Data:","2024-10-11",null,null,null,"BDI Materiais:",{"$f":"$B$32","v":0.153}]
["Bases:","SINAPI 08-2024 | SICRO 04-2024 | SETOP 07-2024",null,null,null,"Revisão:",0]
[]
[]
["ITEM","DESCRIÇÃO DOS SERVIÇOS",null,"%"]
[]
[]
[1,"ADMINISTRAÇÃO CENTRAL",null,3.45,"a =","Administração Central"]
[" "," ",null," "]
[2,"IMPOSTOS E TAXAS",null,{"$f":"SUM(D16:D18)","v":3.65},"i =","Impostos"]
["2.1","ISS",null,0]
["2.2","PIS",null,0.65]
["2.3","Cofins",null,3," "," "," "]
[]
[3,"SEGUROS, RISCOS E GARANTIAS",null,{"$f":"SUM(D21:D22)","v":1.33},"r =","Seguros, Riscos e Garantias"]
["3.1","Seguros e garantias",null,0.48]
["3.2","Riscos",null,0.85]
[{"$nulls":4}," "," "]
[4,"DESPESAS FINANCEIRAS",null,0.85,"df  =","Despesas financeiras"]
[]
[5,"LUCRO",null,5.1100000000000003,"l =","Lucro"]
[]
[]
[]
["BDI = (((1+a+r)*(1+df)*(1+l))/(1-i))-1"]
["BDI =",{"$f":"((((1+D13/100+D20/100)*(1+D24/100)*(1+D26/100))/(1-D15/100))-1)","v":0.15278047942916428},"calculado"]
["BDI =",0.153,"adotado"]
[" "]
["*Fórmula BDI conforme Acórdão 2622/2013 do TCU"]